| 000 | 00673nam a2200205Ia 4500 | ||
|---|---|---|---|
| 003 | GCL | ||
| 008 | 140319s9999 xx 000 0 ara d | ||
| 040 |
_aGCL / _cGCL |
||
| 082 | 0 | 4 |
_a811.9 _bف ر |
| 100 | 1 | _aفاضل العزاوى | |
| 245 | 1 | 0 |
_aرجل يرمى احجارا فى بئر / _cفاضل العزاوى |
| 260 |
_aانجلترا : _bرياض الريس للكتب والنشر ، _c1990 |
||
| 300 |
_a129 ص ؛ _c20 سم |
||
| 490 |
_aالسلسلة الشعرية الثانية _v0 |
||
| 650 | 0 | 4 | _aالشعر العربى |
| 650 | 0 | 4 | _aدواوين وقصائد |
| 650 | 0 | 4 | _aالشعر الحر |
| 650 | 0 | 4 | _aتاريخ ونقد |
| 942 |
_2ddc _cBK |
||
| 999 |
_c56068 _d56068 |
||